[Event "Villarobledo Online Qualifyer"]
[Site "playchess.com #155672"]
[Date "2009.05.23"]
[Round "5"]
[White "Markus Lammers"]
[Black "Peterdrost"]
[Result "0-1"]
[WhiteElo "2541"]
[BlackElo "2219"]
[PlyCount "110"]
[EventDate "2009.05.23"]
[EventType "swiss (blitz)"]

1. e4 {[%emt 0:00:01]} e5 {[%emt 0:00:01]} 2. Nf3 {[%emt 0:00:01]} Nc6 {[%emt
0:00:01]} 3. d4 {[%emt 0:00:01]} exd4 {[%emt 0:00:01]} 4. Nxd4 {[%emt 0:00:00]}
Qh4 {[%emt 0:00:02]} 5. Nc3 {[%emt 0:00:02]} Bb4 {[%emt 0:00:04]} 6. Ndb5 {
[%emt 0:00:01]} Ba5 {[%emt 0:00:32]} 7. Bd3 {[%emt 0:00:03]} a6 {[%emt 0:00:01]
} 8. Na3 {[%emt 0:00:02]} b5 {[%emt 0:00:02]} 9. Nab1 {[%emt 0:00:02]} Nge7 {
[%emt 0:00:09]} 10. O-O {[%emt 0:00:02]} O-O {[%emt 0:00:02]} 11. a4 {[%emt 0:
00:26]} b4 {[%emt 0:00:07]} 12. Nd5 {[%emt 0:00:02]} Nxd5 {[%emt 0:00:03]} 13.
exd5 {[%emt 0:00:00]} Ne5 {[%emt 0:00:02]} 14. Be2 {[%emt 0:00:06]} d6 {[%emt
0:00:05]} 15. Nd2 {[%emt 0:00:08]} Bb6 {[%emt 0:00:07]} 16. Nf3 {[%emt 0:00:29]
} Nxf3+ {[%emt 0:00:04]} 17. Bxf3 {[%emt 0:00:00]} a5 {[%emt 0:00:04]} 18. Re1
{[%emt 0:00:07]} Bxf2+ {[%emt 0:00:04]} 19. Kf1 {[%emt 0:00:06]} Bxe1 {[%emt 0:
00:02]} 20. Qxe1 {[%emt 0:00:01]} Qxh2 {[%emt 0:00:16]} 21. Be3 {[%emt 0:00:03]
} Ba6+ {[%emt 0:00:07]} 22. Kf2 {[%emt 0:00:05]} Rfe8 {[%emt 0:00:05]} 23. Qd2
{[%emt 0:00:07]} Qh4+ {[%emt 0:00:08]} 24. Kg1 {[%emt 0:00:01]} h6 {[%emt 0:00:
15]} 25. Rc1 {[%emt 0:00:23]} Re7 {[%emt 0:00:04]} 26. c3 {[%emt 0:00:05]} Rae8
{[%emt 0:00:03]} 27. Bf2 {[%emt 0:00:04]} Qg5 {[%emt 0:00:22]} 28. Qxg5 {[%emt
0:00:03]} hxg5 {[%emt 0:00:00]} 29. cxb4 {[%emt 0:00:15]} axb4 {[%emt 0:00:00]}
30. Kh2 {[%emt 0:00:13]} f5 {[%emt 0:00:01]} 31. g4 {[%emt 0:00:06]} g6 {[%emt
0:00:01]} 32. Kg2 {[%emt 0:00:02]} Bd3 {[%emt 0:00:06]} 33. a5 {[%emt 0:00:08]}
Ra8 {[%emt 0:00:08]} 34. Ra1 {[%emt 0:00:03]} Ra6 {[%emt 0:00:06]} 35. Bd4 {
[%emt 0:00:04]} Kf7 {[%emt 0:00:05]} 36. gxf5 {[%emt 0:00:07]} Bxf5 {[%emt 0:
00:06]} 37. Kf2 {[%emt 0:00:06]} Be4 {[%emt 0:00:05]} 38. Be2 {[%emt 0:00:01]}
Ra8 {[%emt 0:00:01]} 39. a6 {[%emt 0:00:04]} Bxd5 {[%emt 0:00:01]} 40. Rg1 {
[%emt 0:00:08]} c5 {[%emt 0:00:01]} 41. Be3 {[%emt 0:00:01]} c4 {[%emt 0:00:12]
} 42. Rxg5 {[%emt 0:00:01]} Be6 {[%emt 0:00:01]} 43. a7 {[%emt 0:00:03]} d5 {
[%emt 0:00:04]} 44. Bc5 {[%emt 0:00:02]} Rexa7 {[%emt 0:00:03]} 45. Bxa7 {
[%emt 0:00:02]} Rxa7 {[%emt 0:00:00]} 46. Bf3 {[%emt 0:00:01]} Ra2 {[%emt 0:00:
01]} 47. Bxd5 {[%emt 0:00:02]} Rxb2+ {[%emt 0:00:02]} 48. Ke3 {[%emt 0:00:00]}
Bxd5 {[%emt 0:00:01]} 49. Rxd5 {[%emt 0:00:01]} c3 {[%emt 0:00:00]} 50. Rc5 {
[%emt 0:00:01]} c2 {[%emt 0:00:01]} 51. Kd2 {[%emt 0:00:01]} b3 {[%emt 0:00:00]
} 52. Rc7+ {[%emt 0:00:06]} Kf6 {[%emt 0:00:01]} 53. Rc6+ {[%emt 0:00:03]} Kg5
{[%emt 0:00:00]} 54. Rc5+ {[%emt 0:00:01]} Kh6 {[%emt 0:00:01]} 55. Rc8 {[%emt
0:00:01]} Rb1 {[%emt 0:00:01] Markus Lammers gibt auf} 0-1

[Event "Villarobledo Online Qualifyer"]
[Site "playchess.com #155672"]
[Date "2009.05.23"]
[Round "5"]
[White "Clocktower"]
[Black "Ricardov"]
[Result "0-1"]
[WhiteElo "2063"]
[BlackElo "2398"]
[PlyCount "72"]
[EventDate "2009.05.23"]
[EventType "swiss (blitz)"]

1. e4 {[%emt 0:00:03]} c5 {[%emt 0:00:05]} 2. Nf3 {[%emt 0:00:03]} d6 {[%emt 0:
00:00]} 3. Bb5+ {[%emt 0:00:01]} Nd7 {[%emt 0:00:01]} 4. Bxd7+ {[%emt 0:00:00]}
Bxd7 {[%emt 0:00:01]} 5. O-O {[%emt 0:00:01]} Nf6 {[%emt 0:00:01]} 6. e5 {
[%emt 0:00:02]} dxe5 {[%emt 0:00:03]} 7. Nxe5 {[%emt 0:00:00]} e6 {[%emt 0:00:
03]} 8. Nc3 {[%emt 0:00:06]} Bd6 {[%emt 0:00:11]} 9. Nc4 {[%emt 0:00:01]} Bc7 {
[%emt 0:00:01]} 10. d3 {[%emt 0:00:05]} b5 {[%emt 0:00:06]} 11. Ne3 {[%emt 0:
00:01]} Bc6 {[%emt 0:00:01]} 12. Ne2 {[%emt 0:00:06]} O-O {[%emt 0:00:04]} 13.
Ng3 {[%emt 0:00:02]} Qd4 {[%emt 0:00:13]} 14. Qe2 {[%emt 0:00:10]} Qh4 {[%emt
0:00:27]} 15. b3 {[%emt 0:00:12]} h5 {[%emt 0:00:26] Clocktower reconnected.}
16. Bb2 {[%emt 0:00:06]} Ng4 {[%emt 0:00:08]} 17. Nxg4 {[%emt 0:00:08]} hxg4 {
[%emt 0:00:02]} 18. Be5 {[%emt 0:00:03] Clocktower bietet Remis} Bb6 {[%emt 0:
00:10]} 19. Ne4 {[%emt 0:00:08]} f6 {[%emt 0:00:10]} 20. Bg3 {[%emt 0:00:12]}
Qh5 {[%emt 0:00:01]} 21. Nxc5 {[%emt 0:00:18]} Qxc5 {[%emt 0:00:06]} 22. Qxe6+
{[%emt 0:00:06]} Rf7 {[%emt 0:00:04]} 23. Qxg4 {[%emt 0:00:28]} Re8 {[%emt 0:
00:23]} 24. c4 {[%emt 0:00:29]} Rfe7 {[%emt 0:00:10]} 25. cxb5 {[%emt 0:00:04]}
Bxb5 {[%emt 0:00:04]} 26. Rac1 {[%emt 0:00:03]} Qd4 {[%emt 0:00:02]} 27. Qh5 {
[%emt 0:00:19]} Qxd3 {[%emt 0:00:03]} 28. a4 {[%emt 0:00:24]} Qxf1+ {[%emt 0:
00:14]} 29. Rxf1 {[%emt 0:00:04]} Bxf1 {[%emt 0:00:00]} 30. Qd5+ {[%emt 0:00:
04]} Kf8 {[%emt 0:00:05]} 31. h4 {[%emt 0:00:01]} Ba6 {[%emt 0:00:08]} 32. a5 {
[%emt 0:00:01]} Bb7 {[%emt 0:00:11]} 33. Qd3 {[%emt 0:00:06]} Bxa5 {[%emt 0:00:
06]} 34. Bd6 {[%emt 0:00:01]} Bc7 {[%emt 0:00:08]} 35. Bxe7+ {[%emt 0:00:01]}
Rxe7 {[%emt 0:00:00]} 36. Qh7 {[%emt 0:00:01]} Re1# {[%emt 0:00:02]} 0-1

[Event "Villarobledo Online Qualifyer"]
[Site "playchess.com #155672"]
[Date "2009.05.23"]
[Round "5"]
[White "acepoint"]
[Black "Cemcakan3"]
[Result "0-1"]
[WhiteElo "1876"]
[BlackElo "2189"]
[PlyCount "118"]
[EventDate "2009.05.23"]
[EventType "swiss (blitz)"]

1. e4 {[%emt 0:00:03]} c5 {[%emt 0:00:01]} 2. Nf3 {[%emt 0:00:01]} Nc6 {[%emt
0:00:01]} 3. d4 {[%emt 0:00:01]} cxd4 {[%emt 0:00:01]} 4. Nxd4 {[%emt 0:00:00]}
e5 {[%emt 0:00:01]} 5. Nb5 {[%emt 0:00:02]} d6 {[%emt 0:00:01]} 6. N1c3 {[%emt
0:00:02]} a6 {[%emt 0:00:01]} 7. Na3 {[%emt 0:00:01]} b5 {[%emt 0:00:00]} 8.
Nd5 {[%emt 0:00:02]} Nge7 {[%emt 0:00:00]} 9. Bg5 {[%emt 0:00:27]} h6 {[%emt 0:
00:18]} 10. Bxe7 {[%emt 0:00:08]} Bxe7 {[%emt 0:00:03]} 11. c3 {[%emt 0:00:01]}
O-O {[%emt 0:00:03]} 12. Nc2 {[%emt 0:00:02]} f5 {[%emt 0:00:05]} 13. exf5 {
[%emt 0:00:04]} Bxf5 {[%emt 0:00:03]} 14. Nce3 {[%emt 0:00:00]} Bh7 {[%emt 0:
00:14]} 15. Be2 {[%emt 0:00:11]} Bg5 {[%emt 0:00:09]} 16. O-O {[%emt 0:00:03]}
Bxe3 {[%emt 0:00:02]} 17. Nxe3 {[%emt 0:00:02]} Ne7 {[%emt 0:00:08]} 18. Nd5 {
[%emt 0:00:16]} Kh8 {[%emt 0:00:02]} 19. a4 {[%emt 0:00:04]} Be4 {[%emt 0:00:
42]} 20. Nxe7 {[%emt 0:00:12]} Qxe7 {[%emt 0:00:00]} 21. Bd3 {[%emt 0:00:01]}
Bxd3 {[%emt 0:00:16]} 22. Qxd3 {[%emt 0:00:02]} Rab8 {[%emt 0:00:02]} 23. axb5
{[%emt 0:00:06]} axb5 {[%emt 0:00:01]} 24. Rad1 {[%emt 0:00:11]} Rfd8 {[%emt 0:
00:03]} 25. Qd5 {[%emt 0:00:02]} b4 {[%emt 0:00:05]} 26. c4 {[%emt 0:00:05]}
Qc7 {[%emt 0:00:12]} 27. b3 {[%emt 0:00:02]} Qc5 {[%emt 0:00:30]} 28. Qxc5 {
[%emt 0:00:20]} dxc5 {[%emt 0:00:00]} 29. Rd5 {[%emt 0:00:01]} Rxd5 {[%emt 0:
00:01]} 30. cxd5 {[%emt 0:00:02]} Rd8 {[%emt 0:00:00]} 31. Rd1 {[%emt 0:00:02]}
Kg8 {[%emt 0:00:00]} 32. Kf1 {[%emt 0:00:01]} Kf7 {[%emt 0:00:01]} 33. Ke2 {
[%emt 0:00:01]} Ke7 {[%emt 0:00:02]} 34. Ke3 {[%emt 0:00:01]} Kd6 {[%emt 0:00:
02]} 35. Ke4 {[%emt 0:00:01]} Ra8 {[%emt 0:00:03]} 36. Rd3 {[%emt 0:00:04]} Ra2
{[%emt 0:00:04]} 37. Rf3 {[%emt 0:00:02]} Re2+ {[%emt 0:00:01]} 38. Kd3 {[%emt
0:00:04]} e4+ {[%emt 0:00:07]} 39. Kxe2 {[%emt 0:00:02]} exf3+ {[%emt 0:00:01]}
40. Kxf3 {[%emt 0:00:01]} Kxd5 {[%emt 0:00:01]} 41. Ke3 {[%emt 0:00:01]} c4 {
[%emt 0:00:02]} 42. Kd2 {[%emt 0:00:09]} c3+ {[%emt 0:00:03]} 43. Kd3 {[%emt 0:
00:01]} Ke5 {[%emt 0:00:01]} 44. g3 {[%emt 0:00:03]} Kf5 {[%emt 0:00:01]} 45.
h3 {[%emt 0:00:03]} h5 {[%emt 0:00:02]} 46. f3 {[%emt 0:00:01]} g5 {[%emt 0:00:
03]} 47. Ke3 {[%emt 0:00:24]} h4 {[%emt 0:00:04]} 48. g4+ {[%emt 0:00:25]} Ke5
{[%emt 0:00:02]} 49. Kd3 {[%emt 0:00:01]} Kf4 {[%emt 0:00:02]} 50. Ke2 {[%emt
0:00:01]} c2 {[%emt 0:00:02]} 51. Kd2 {[%emt 0:00:01]} c1=Q+ {[%emt 0:00:05]}
52. Kxc1 {[%emt 0:00:01]} Kxf3 {[%emt 0:00:00]} 53. Kd2 {[%emt 0:00:12]} Kg3 {
[%emt 0:00:01]} 54. Ke3 {[%emt 0:00:01]} Kxh3 {[%emt 0:00:01]} 55. Kf3 {[%emt
0:00:01]} Kh2 {[%emt 0:00:01]} 56. Kf2 {[%emt 0:00:01]} h3 {[%emt 0:00:02]} 57.
Kf3 {[%emt 0:00:07]} Kg1 {[%emt 0:00:01]} 58. Kg3 {[%emt 0:00:01]} h2 {[%emt 0:
00:01]} 59. Kf3 {[%emt 0:00:01]} h1=Q+ {[%emt 0:00:03] acepoint gibt auf} 0-1

[Event "Villarobledo Online Qualifyer"]
[Site "playchess.com #155672"]
[Date "2009.05.23"]
[Round "5"]
[White "Slavmonster"]
[Black "Schnickschnack"]
[Result "1-0"]
[WhiteElo "2095"]
[BlackElo "2117"]
[PlyCount "97"]
[EventDate "2009.05.23"]
[EventType "swiss (blitz)"]

1. e4 {[%emt 0:00:01]} e5 {[%emt 0:00:01]} 2. Nf3 {[%emt 0:00:01]} Nc6 {[%emt
0:00:01]} 3. Bb5 {[%emt 0:00:02]} g6 {[%emt 0:00:01]} 4. d4 {[%emt 0:00:21]}
exd4 {[%emt 0:00:01]} 5. c3 {[%emt 0:00:01]} d3 {[%emt 0:00:04]} 6. Qxd3 {
[%emt 0:00:04]} Bg7 {[%emt 0:00:02]} 7. Bg5 {[%emt 0:00:08]} f6 {[%emt 0:00:04]
} 8. Bf4 {[%emt 0:00:05]} Nh6 {[%emt 0:00:13]} 9. Qd5 {[%emt 0:00:13]} Nf7 {
[%emt 0:00:15]} 10. Nbd2 {[%emt 0:00:21]} O-O {[%emt 0:00:02]} 11. h4 {[%emt 0:
00:02]} Nce5 {[%emt 0:00:11]} 12. Ba4 {[%emt 0:00:05]} c6 {[%emt 0:00:04]} 13.
Qd4 {[%emt 0:00:07]} d5 {[%emt 0:00:16]} 14. exd5 {[%emt 0:00:08]} Nxf3+ {
[%emt 0:00:14]} 15. Nxf3 {[%emt 0:00:03]} f5 {[%emt 0:00:01]} 16. Qd2 {[%emt 0:
00:08]} Re8+ {[%emt 0:00:08]} 17. Kf1 {[%emt 0:00:01]} b5 {[%emt 0:00:19]} 18.
Bb3 {[%emt 0:00:02]} c5 {[%emt 0:00:20]} 19. h5 {[%emt 0:00:15]} c4 {[%emt 0:
00:05]} 20. Bc2 {[%emt 0:00:04]} Bb7 {[%emt 0:00:06]} 21. Rd1 {[%emt 0:00:07]}
Nd6 {[%emt 0:00:08]} 22. hxg6 {[%emt 0:00:10]} hxg6 {[%emt 0:00:02]} 23. Bh6 {
[%emt 0:00:04]} Bf6 {[%emt 0:00:24]} 24. Bg5 {[%emt 0:00:08]} Ne4 {[%emt 0:00:
08]} 25. Bxe4 {[%emt 0:00:03]} fxe4 {[%emt 0:00:20]} 26. Bxf6 {[%emt 0:00:09]}
Qxf6 {[%emt 0:00:01]} 27. Nd4 {[%emt 0:00:30] .} e3 {[%emt 0:00:05]} 28. Qe2 {
[%emt 0:00:04]} Bxd5 {[%emt 0:00:07]} 29. Nxb5 {[%emt 0:00:07]} Qg5 {[%emt 0:
00:05]} 30. f3 {[%emt 0:00:04]} Rad8 {[%emt 0:00:05]} 31. Nc7 {[%emt 0:00:04]}
Bc6 {[%emt 0:00:04]} 32. Nxe8 {[%emt 0:00:02]} Rxd1+ {[%emt 0:00:02]} 33. Qxd1
{[%emt 0:00:01]} Bxe8 {[%emt 0:00:01]} 34. Qe2 {[%emt 0:00:04]} Bf7 {[%emt 0:
00:01]} 35. Rh3 {[%emt 0:00:05]} Qf4 {[%emt 0:00:01]} 36. Qe1 {[%emt 0:00:01]}
Qe5 {[%emt 0:00:02]} 37. Qg3 {[%emt 0:00:02]} Qd5 {[%emt 0:00:02]} 38. Qb8+ {
[%emt 0:00:01]} Kg7 {[%emt 0:00:01]} 39. Kg1 {[%emt 0:00:05]} Qd1+ {[%emt 0:00:
02]} 40. Kh2 {[%emt 0:00:00]} Bg8 {[%emt 0:00:03]} 41. Qe5+ {[%emt 0:00:00]}
Kf8 {[%emt 0:00:01]} 42. Qxe3 {[%emt 0:00:02]} Qd6+ {[%emt 0:00:02]} 43. f4 {
[%emt 0:00:00]} Qd7 {[%emt 0:00:02]} 44. Rg3 {[%emt 0:00:01]} Bf7 {[%emt 0:00:
01]} 45. Rg5 {[%emt 0:00:01]} Qd6 {[%emt 0:00:01]} 46. Re5 {[%emt 0:00:01]} Kg7
{[%emt 0:00:01]} 47. Qxa7 {[%emt 0:00:01]} Qd2 {[%emt 0:00:02]} 48. Qd4 {[%emt
0:00:02]} Qc1 {[%emt 0:00:03]} 49. Re1+ {[%emt 0:00:01] Schnickschnack gibt auf
} 1-0

[Event "Villarobledo Online Qualifyer"]
[Site "playchess.com #155672"]
[Date "2009.05.23"]
[Round "5"]
[White "Miras"]
[Black "retep1"]
[Result "1-0"]
[WhiteElo "1728"]
[BlackElo "1568"]
[PlyCount "76"]
[EventDate "2009.05.23"]
[EventType "swiss (blitz)"]

1. e4 {[%emt 0:00:06]} d5 {[%emt 0:02:39]} 2. exd5 {[%emt 0:00:10]} Qxd5 {
[%emt 0:00:01]} 3. Nc3 {[%emt 0:00:01]} Qe5+ {[%emt 0:00:01]} 4. Be2 {[%emt 0:
00:04]} c6 {[%emt 0:00:01]} 5. Nf3 {[%emt 0:00:01]} Qc7 {[%emt 0:00:01]} 6. d4
{[%emt 0:00:01]} Bg4 {[%emt 0:00:01]} 7. O-O {[%emt 0:00:10]} Bxf3 {[%emt 0:00:
02]} 8. Bxf3 {[%emt 0:00:01]} e6 {[%emt 0:00:00]} 9. g3 {[%emt 0:00:22]} Nf6 {
[%emt 0:00:01]} 10. Bf4 {[%emt 0:00:03]} Bd6 {[%emt 0:00:02]} 11. Bxd6 {[%emt
0:00:07]} Qxd6 {[%emt 0:00:03]} 12. Qd3 {[%emt 0:00:00]} O-O {[%emt 0:00:03]}
13. Rad1 {[%emt 0:00:01]} Nbd7 {[%emt 0:00:03]} 14. Rfe1 {[%emt 0:00:03]} Qc7 {
[%emt 0:00:03]} 15. Ne2 {[%emt 0:00:07]} b5 {[%emt 0:00:09]} 16. c3 {[%emt 0:
00:07]} Rac8 {[%emt 0:00:02]} 17. Nf4 {[%emt 0:00:08]} Nb6 {[%emt 0:00:05]} 18.
b3 {[%emt 0:00:04]} Nbd5 {[%emt 0:00:02]} 19. Nxd5 {[%emt 0:00:08]} cxd5 {
[%emt 0:00:02]} 20. Rc1 {[%emt 0:00:12]} a6 {[%emt 0:00:02]} 21. Rc2 {[%emt 0:
00:07]} Qb6 {[%emt 0:00:01]} 22. Rec1 {[%emt 0:00:00]} Rc7 {[%emt 0:00:01]} 23.
c4 {[%emt 0:00:02]} bxc4 {[%emt 0:00:01]} 24. bxc4 {[%emt 0:00:00]} dxc4 {
[%emt 0:00:01]} 25. Rxc4 {[%emt 0:00:00]} Rxc4 {[%emt 0:00:01]} 26. Qxc4 {
[%emt 0:00:02]} g6 {[%emt 0:00:05]} 27. Qc6 {[%emt 0:00:09]} Qa5 {[%emt 0:00:
08]} 28. a4 {[%emt 0:00:07]} Qd2 {[%emt 0:00:06]} 29. Rc2 {[%emt 0:00:17] .}
Qxd4 {[%emt 0:00:02]} 30. Qxa6 {[%emt 0:00:02]} Rd8 {[%emt 0:00:05]} 31. Qc4 {
[%emt 0:00:08]} Qd6 {[%emt 0:00:01]} 32. a5 {[%emt 0:00:07]} Qb8 {[%emt 0:00:
04]} 33. a6 {[%emt 0:00:05]} Nd5 {[%emt 0:00:01]} 34. Bxd5 {[%emt 0:00:09]}
Rxd5 {[%emt 0:00:00]} 35. Qc8+ {[%emt 0:00:07]} Qxc8 {[%emt 0:00:01]} 36. Rxc8+
{[%emt 0:00:02]} Kg7 {[%emt 0:00:05]} 37. a7 {[%emt 0:00:01]} Rd1+ {[%emt 0:00:
00]} 38. Kg2 {[%emt 0:00:02]} Ra1 {[%emt 0:00:00] retep1 gibt auf} 1-0

[Event "Villarobledo Online Qualifyer"]
[Site "playchess.com #155672"]
[Date "2009.05.23"]
[Round "5"]
[White "Dellacasa"]
[Black "Elo 84"]
[Result "0-1"]
[WhiteElo "1383"]
[BlackElo "1670"]
[PlyCount "130"]
[EventDate "2009.05.23"]
[EventType "swiss (blitz)"]

1. d4 {[%emt 0:00:01]} Nf6 {[%emt 0:00:01]} 2. c4 {[%emt 0:00:01]} g6 {[%emt 0:
00:01]} 3. Nc3 {[%emt 0:00:01]} d5 {[%emt 0:00:01]} 4. cxd5 {[%emt 0:00:02]}
Nxd5 {[%emt 0:00:04]} 5. Nxd5 {[%emt 0:00:01]} Qxd5 {[%emt 0:00:01]} 6. e3 {
[%emt 0:00:06]} Bg7 {[%emt 0:00:01]} 7. Nf3 {[%emt 0:00:06]} O-O {[%emt 0:00:
01]} 8. Be2 {[%emt 0:00:06]} c5 {[%emt 0:00:05]} 9. O-O {[%emt 0:00:09]} cxd4 {
[%emt 0:00:01]} 10. Nxd4 {[%emt 0:00:05]} Nc6 {[%emt 0:00:06]} 11. Bf3 {[%emt
0:00:09]} Qc5 {[%emt 0:00:01]} 12. Nxc6 {[%emt 0:00:10]} bxc6 {[%emt 0:00:01]}
13. Qa4 {[%emt 0:00:13]} Bb7 {[%emt 0:00:09]} 14. Rb1 {[%emt 0:00:06]} Rfd8 {
[%emt 0:00:07]} 15. b4 {[%emt 0:00:06]} Qb6 {[%emt 0:00:02]} 16. Bb2 {[%emt 0:
00:16]} e5 {[%emt 0:00:01]} 17. a3 {[%emt 0:00:07]} Rd2 {[%emt 0:00:02]} 18.
Rfd1 {[%emt 0:00:15]} Rad8 {[%emt 0:00:14]} 19. Rxd2 {[%emt 0:00:08]} Rxd2 {
[%emt 0:00:03]} 20. Ba1 {[%emt 0:00:11]} f6 {[%emt 0:00:24]} 21. Rc1 {[%emt 0:
00:09]} Rd6 {[%emt 0:00:11]} 22. Qb3+ {[%emt 0:00:28]} Kf8 {[%emt 0:00:07]} 23.
e4 {[%emt 0:00:16]} Bh6 {[%emt 0:00:09]} 24. Re1 {[%emt 0:00:07]} c5 {[%emt 0:
00:10]} 25. bxc5 {[%emt 0:00:08]} Qxb3 {[%emt 0:00:03]} 26. cxd6 {[%emt 0:00:
04]} Ke8 {[%emt 0:00:12]} 27. Rd1 {[%emt 0:00:13]} Kd7 {[%emt 0:00:01]} 28.
Bg4+ {[%emt 0:00:02]} Kd8 {[%emt 0:00:01]} 29. d7 {[%emt 0:00:03]} Qxd1+ {
[%emt 0:00:02]} 30. Bxd1 {[%emt 0:00:02]} Kxd7 {[%emt 0:00:00]} 31. Ba4+ {
[%emt 0:00:02]} Kc7 {[%emt 0:00:01]} 32. Bd1 {[%emt 0:00:01]} Bxe4 {[%emt 0:00:
01]} 33. Be2 {[%emt 0:00:02]} Bc6 {[%emt 0:00:01]} 34. f3 {[%emt 0:00:01]} Bc1
{[%emt 0:00:02]} 35. Bd1 {[%emt 0:00:03]} Bxa3 {[%emt 0:00:01]} 36. Be2 {[%emt
0:00:02]} Bc5+ {[%emt 0:00:01]} 37. Kf1 {[%emt 0:00:02]} Kb6 {[%emt 0:00:01]}
38. Bd1 {[%emt 0:00:02]} Bb5+ {[%emt 0:00:01]} 39. Be2 {[%emt 0:00:01]} Bxe2+ {
[%emt 0:00:01]} 40. Kxe2 {[%emt 0:00:01]} a5 {[%emt 0:00:00]} 41. Kd1 {[%emt 0:
00:01]} Bd4 {[%emt 0:00:01]} 42. Bxd4+ {[%emt 0:00:03]} exd4 {[%emt 0:00:00]}
43. Kd2 {[%emt 0:00:01]} Kc5 {[%emt 0:00:00]} 44. Kc2 {[%emt 0:00:04]} Kc4 {
[%emt 0:00:01]} 45. Kd2 {[%emt 0:00:02]} f5 {[%emt 0:00:01]} 46. g3 {[%emt 0:
00:02]} g5 {[%emt 0:00:02]} 47. h3 {[%emt 0:00:01]} f4 {[%emt 0:00:03]} 48. h4
{[%emt 0:00:06]} h6 {[%emt 0:00:05]} 49. hxg5 {[%emt 0:00:03]} hxg5 {[%emt 0:
00:01]} 50. gxf4 {[%emt 0:00:02]} gxf4 {[%emt 0:00:01]} 51. Kc2 {[%emt 0:00:02]
} a4 {[%emt 0:00:03]} 52. Kb2 {[%emt 0:00:03]} Kd3 {[%emt 0:00:02]} 53. Ka3 {
[%emt 0:00:02]} Ke3 {[%emt 0:00:01]} 54. Kxa4 {[%emt 0:00:01]} Kxf3 {[%emt 0:
00:01]} 55. Kb3 {[%emt 0:00:01]} Ke2 {[%emt 0:00:01]} 56. Kc2 {[%emt 0:00:02]}
d3+ {[%emt 0:00:01]} 57. Kc3 {[%emt 0:00:02]} d2 {[%emt 0:00:00]} 58. Kd4 {
[%emt 0:00:01]} d1=Q+ {[%emt 0:00:01]} 59. Ke4 {[%emt 0:00:01]} f3 {[%emt 0:00:
01]} 60. Kf4 {[%emt 0:00:01]} f2 {[%emt 0:00:01]} 61. Kg4 {[%emt 0:00:01]} f1=Q
{[%emt 0:00:02]} 62. Kg3 {[%emt 0:00:02]} Qd3+ {[%emt 0:00:01]} 63. Kg4 {[%emt
0:00:01]} Qff3+ {[%emt 0:00:01]} 64. Kg5 {[%emt 0:00:01]} Qdf5+ {[%emt 0:00:01]
} 65. Kh4 {[%emt 0:00:02]} Q3g4# {[%emt 0:00:01]} 0-1

[Event "Villarobledo Online Qualifyer"]
[Site "playchess.com #155672"]
[Date "2009.05.23"]
[Round "5"]
[White "Voxmx"]
[Black "Freuds"]
[Result "1/2-1/2"]
[WhiteElo "1754"]
[BlackElo "1487"]
[PlyCount "93"]
[EventDate "2009.05.23"]
[EventType "swiss (blitz)"]

1. Nf3 {[%emt 0:00:02]} c5 {[%emt 0:00:10]} 2. c4 {[%emt 0:00:01]} Nc6 {[%emt
0:00:01]} 3. d4 {[%emt 0:00:01]} cxd4 {[%emt 0:00:02]} 4. Nxd4 {[%emt 0:00:00]}
Nf6 {[%emt 0:00:02]} 5. Nc3 {[%emt 0:00:02]} g6 {[%emt 0:00:01]} 6. e4 {[%emt
0:00:03]} d6 {[%emt 0:00:02]} 7. Be3 {[%emt 0:00:04]} Bg7 {[%emt 0:00:01]} 8.
Be2 {[%emt 0:00:03]} Bd7 {[%emt 0:00:03]} 9. O-O {[%emt 0:00:02]} O-O {[%emt 0:
00:02]} 10. b3 {[%emt 0:00:11]} a6 {[%emt 0:00:05]} 11. Rc1 {[%emt 0:00:05]}
Re8 {[%emt 0:00:09]} 12. f3 {[%emt 0:00:07]} Nxd4 {[%emt 0:00:03]} 13. Bxd4 {
[%emt 0:00:02]} Bc6 {[%emt 0:00:01]} 14. Nd5 {[%emt 0:00:06]} Bxd5 {[%emt 0:00:
06]} 15. cxd5 {[%emt 0:00:00]} Qd7 {[%emt 0:00:01]} 16. Qd2 {[%emt 0:00:06]}
Rec8 {[%emt 0:00:05]} 17. Be3 {[%emt 0:00:03]} h5 {[%emt 0:00:10]} 18. Bh6 {
[%emt 0:00:14]} Bh8 {[%emt 0:00:02]} 19. Be3 {[%emt 0:00:07]} Kh7 {[%emt 0:00:
22]} 20. Bb6 {[%emt 0:00:11]} Bg7 {[%emt 0:00:06]} 21. Rxc8 {[%emt 0:00:12]}
Rxc8 {[%emt 0:00:05]} 22. Rc1 {[%emt 0:00:02]} Bh6 {[%emt 0:00:14]} 23. Be3 {
[%emt 0:00:06]} Bg7 {[%emt 0:00:03]} 24. Rxc8 {[%emt 0:00:12]} Qxc8 {[%emt 0:
00:02]} 25. Qc1 {[%emt 0:00:00] Freuds propose la nulle} Qxc1+ {[%emt 0:00:25]}
26. Bxc1 {[%emt 0:00:00]} Nd7 {[%emt 0:00:02]} 27. Be3 {[%emt 0:00:06]} Bb2 {
[%emt 0:00:05]} 28. a4 {[%emt 0:00:06]} Kg7 {[%emt 0:00:06]} 29. g3 {[%emt 0:
00:01]} Ba3 {[%emt 0:00:09]} 30. Bc4 {[%emt 0:00:02]} Bc5 {[%emt 0:00:01]} 31.
Kf2 {[%emt 0:00:08]} Bxe3+ {[%emt 0:00:02]} 32. Kxe3 {[%emt 0:00:00]} Nc5 {
[%emt 0:00:01]} 33. Kd4 {[%emt 0:00:09]} b5 {[%emt 0:00:07]} 34. axb5 {[%emt 0:
00:03]} axb5 {[%emt 0:00:01]} 35. Bxb5 {[%emt 0:00:04]} Nxb3+ {[%emt 0:00:01]}
36. Kd3 {[%emt 0:00:08]} g5 {[%emt 0:00:10]} 37. h3 {[%emt 0:00:09]} Kf6 {
[%emt 0:00:18]} 38. f4 {[%emt 0:00:02]} Kg6 {[%emt 0:00:17]} 39. Bc4 {[%emt 0:
00:09]} Nc5+ {[%emt 0:00:03]} 40. Kd4 {[%emt 0:00:01]} f5 {[%emt 0:00:05]} 41.
e5 {[%emt 0:00:08]} gxf4 {[%emt 0:00:03]} 42. gxf4 {[%emt 0:00:02]} Nd7 {[%emt
0:00:02]} 43. h4 {[%emt 0:00:11]} Nc5 {[%emt 0:00:09]} 44. exd6 {[%emt 0:00:17]
} exd6 {[%emt 0:00:02]} 45. Bd3 {[%emt 0:00:01]} Nd7 {[%emt 0:00:02]} 46. Bf1 {
[%emt 0:00:16]} Nf6 {[%emt 0:00:01] Voxmx ofrece tablas} 47. Be2 {[%emt 0:00:
09]} 1/2-1/2